Japan in current world affairs
This book is a compilation of 18 articles which were carried in the "Kokusai Jihyo" for the past eighteen months, all contributed by well-known and authoritative experts of Japan on political or economic international relations.
Сохранить в:
| Формат: | |
|---|---|
| Язык: | Undetermined |
| Опубликовано: |
Tokyo
The Japan Times
1971
|
| Предметы: | |
| Метки: |
Добавить метку
Нет меток, Требуется 1-ая метка записи!
|
| Thư viện lưu trữ: | Trung tâm Học liệu Trường Đại học Cần Thơ |
|---|
| LEADER | 00769nam a2200205Ia 4500 | ||
|---|---|---|---|
| 001 | CTU_110252 | ||
| 008 | 210402s9999 xx 000 0 und d | ||
| 082 | |a 327.52 | ||
| 082 | |b J36/1971 | ||
| 245 | 0 | |a Japan in current world affairs | |
| 245 | 0 | |c Edited by Kajima Institute of International Peace | |
| 260 | |a Tokyo | ||
| 260 | |b The Japan Times | ||
| 260 | |c 1971 | ||
| 520 | |a This book is a compilation of 18 articles which were carried in the "Kokusai Jihyo" for the past eighteen months, all contributed by well-known and authoritative experts of Japan on political or economic international relations. | ||
| 650 | |a Japan | ||
| 650 | |x Foreign relations | ||
| 650 | |y 1945-1989 | ||
| 904 | |i Minh | ||
| 980 | |a Trung tâm Học liệu Trường Đại học Cần Thơ | ||